Suddenly, it's a tax (Record no. 82840)

MARC details
000 -LEADER
fixed length control field 00935cam a22002055a 4500
001 - CONTROL NUMBER
control field L151671
008 - FIXED-LENGTH DATA ELEMENTS--GENERAL INFORMATION
fixed length control field 101129e20101113xxk 000 0 eng d
035 ## - SYSTEM CONTROL NUMBER
System control number (Sirsi) u151671
041 0# - LANGUAGE CODE
Language code of text/sound track or separate title eng
100 1# - MAIN ENTRY--PERSONAL NAME
Personal name Lewis, David
245 00 - TITLE STATEMENT
Title Suddenly, it's a tax
260 ## - PUBLICATION, DISTRIBUTION, ETC.
Date of publication, distribution, etc. 2010
490 ## - SERIES STATEMENT
Series statement Estates Gazette
Volume/sequential designation (1046) 13 November 2010, 85(1)
520 ## - SUMMARY, ETC.
Summary, etc. Changes to the Carbon Reduction Commitment Energy Efficiency Scheme (CRC). The revenue from the sale of carbon allowances under the CRC will be retained by the exchequer rather than being recycled back to participants as originally planning. Also the CRC will be simplified to reduce the burden on business with the first allowance sale for 2011-12 emission now taking place in 2012 rather than 2011.
590 ## - LOCAL NOTE (RLIN)
Local note KA
651 #4 - SUBJECT ADDED ENTRY--GEOGRAPHIC NAME
Geographic name United Kingdom
Chronological subdivision
690 ## - LOCAL SUBJECT ADDED ENTRY--TOPICAL TERM (OCLC, RLIN)
Topical term or geographic name as entry element ENVIRONMENTAL AND LAND CONSULTANCY-SUSTAINABILITY-SUSTAINABLE DEVELOPMENT
700 1# - ADDED ENTRY--PERSONAL NAME
Personal name Reid, Mike
942 ## - ADDED ENTRY ELEMENTS (KOHA)
Suppress in OPAC 0
Holdings
Withdrawn status Lost status Source of classification or shelving scheme Damaged status Not for loan Home library Current library Shelving location Date acquired Total Checkouts Full call number Barcode Date last seen Copy number Price effective from Koha item type
    Dewey Decimal Classification     London London Journal article 29/11/2010   L151671 151671-1001 06/08/2019 1 06/08/2019 Journal article